Asgabat : (Record no. 69313)
[ view plain ]
| 000 -LEADER | |
|---|---|
| fixed length control field | 01090 a2200325 4500 |
| 001 - CONTROL NUMBER | |
| control field | 69313 |
| 003 - CONTROL NUMBER IDENTIFIER | |
| control field | TR-AnTOB |
| 005 - DATE AND TIME OF LATEST TRANSACTION | |
| control field | 20190322122509.0 |
| 008 - FIXED-LENGTH DATA ELEMENTS--GENERAL INFORMATION | |
| fixed length control field | 110630s2004 tk 000 0 d |
| 029 ## - OTHER SYSTEM CONTROL NUMBER (OCLC) | |
| OCLC library identifier | OHX |
| System control number | har055027313 |
| 035 ## - SYSTEM CONTROL NUMBER | |
| System control number | (OCoLC)180750470 |
| 040 ## - CATALOGING SOURCE | |
| Original cataloging agency | OHX |
| Transcribing agency | OHX |
| Modifying agency | TRTET |
| 041 ## - LANGUAGE CODE | |
| Language code of text/sound track or separate title | Türkmence |
| 049 ## - LOCAL HOLDINGS (OCLC) | |
| Holding library | MAIN |
| 050 ## - LIBRARY OF CONGRESS CALL NUMBER | |
| Classification number | DK933 |
| Item number | .A84 2004 |
| 072 ## - SUBJECT CATEGORY CODE | |
| Subject category code | TR |
| Source | lcco |
| Subject category code | DS |
| Source | lcco |
| 090 ## - LOCALLY ASSIGNED LC-TYPE CALL NUMBER (OCLC); LOCAL CALL NUMBER (RLIN) | |
| Classification number (OCLC) (R) ; Classification number, CALL (RLIN) (NR) | DK933 .A84 2004 |
| 245 #0 - TITLE STATEMENT | |
| Title | Asgabat : |
| Remainder of title | garassyz bitarap Türkmenistanyn paytagty = Asgabat: stolitsa nezavisimogo neitral'nogo Turkmenistana = Asgabat: the capital of independent neutral Turkmenistan / |
| Statement of responsibility, etc. | [W.M. Hramowyn umumy redaksiyasy bilen]. |
| 246 #3 - VARYING FORM OF TITLE | |
| Title proper/short title | Asgabat: the capital of independent neutral Turkmenistan |
| Title proper/short title | Asgabat: stolitsa nezavisimogo neitral'nogo Turkmenistana = |
| 264 #1 - PRODUCTION, PUBLICATION, DISTRIBUTION, MANUFACTURE, AND COPYRIGHT NOTICE | |
| Place of production, publication, distribution, manufacture | Asgabat: |
| Name of producer, publisher, distributor, manufacturer | Türkmendöwlethabarlary, |
| Date of production, publication, distribution, manufacture, or copyright notice | 2004. |
| 300 ## - PHYSICAL DESCRIPTION | |
| Extent | 295 p.: |
| Other physical details | numerous col. photos ; |
| Dimensions | 34 cm. |
| 500 ## - GENERAL NOTE | |
| General note | Text in Turkmenian, Russian and English. |
| 902 ## - LOCAL DATA ELEMENT B, LDB (RLIN) | |
| a | 0023645 |
| 903 ## - LOCAL DATA ELEMENT C, LDC (RLIN) | |
| a | Merkez Kütüphane. |
| 945 ## - LOCAL PROCESSING INFORMATION (OCLC) | |
| a | BS |
| 994 ## - | |
| -- | C0 |
| -- | TRTET |
| 942 ## - ADDED ENTRY ELEMENTS (KOHA) | |
| Koha item type | Book |
| Withdrawn status | Lost status | Source of classification or shelving scheme | Materials specified (bound volume or other part) | Not for loan | Collection code | Home library | Current library | Shelving location | Date acquired | Source of acquisition | Serial Enumeration / chronology | Inventory number | Total Checkouts | Total Holds | Full call number | Barcode | Copy number | Date shelved | Koha item type |
|---|---|---|---|---|---|---|---|---|---|---|---|---|---|---|---|---|---|---|---|
| C.1 | Ödünç Verilebilir / Available | Genel Koleksiyon | Merkez Kütüphane | Merkez Kütüphane | Genel Koleksiyon / Main Collection | 04/12/2008 | Bağış / Donation | 1 | TAR | DK933 .A84 2004 | 0023645 | 1 | 21/04/2010 | Book |
